• 首页
  • 本馆介绍
  • 公告通知
  • 最新文献
  • 馆藏检索
  • 电子资源
  • 读者导购
  • 参考咨询
  • 我的图书馆
  • 登录
  • 详细信息显示
  • 放入我的书架
  • 预约/预借图书
  • 作者相关作品
  • 分类相关作品
  • 丛书相关作品
  • 出版社相关作品

书目信息

  • 表格格式
  • 工作单格式
  • 卡片格式
题名:
中国少数民族常识
    
 
作者: 马寅 主编
分册:  
出版信息: 北京   中国青年出版社  1984.03
页数: 569页
开本: 20cm
丛书名:
单 册:
中图分类: K28
科图分类:
主题词: 中华民族--民族历史 , 中华民族--民族志
电子资源:
ISBN:
000 00597nam0 2200217 45
001 0309231595
005 20050419162427.1
010    @dCNY1.65
091    @a3009.234
100    @a20030923d1984 km y0chiy0120 ea
101 0  @achi
105    @aa z 000yy
200 1  @a中国少数民族常识@AZhong Guo Shao Shu Min Zu Chang Shi@f马寅主编@FMa Yin Zhu Bian
210    @a北京@c中国青年出版社@d1984.03
215    @a569页@c有照片@d20cm
606 0  @a中华民族@x民族历史
606 0  @a中华民族@x民族志
690    @aK28@v3
701  0 @a马寅@4主编
801    @aCN@bTSTC@c20030925
905    @dK28@e11@b108156@f1
    
    中国少数民族常识/马寅主编.-北京:中国青年出版社,1984.03
    569页:有照片;20cm
    
    
    ISBN :CNY1.65
    
●
相关链接 在E读中查询图书 在五车中查询图书 在当当中查询图书 在豆瓣中查询图书


正题名:中国少数民族常识     索取号:K28/11         预约/预借

序号 登录号 条形码 馆藏地/架位号 状态 备注
1 0108115   001845748   密集书库/ [索取号:K28/11] 在馆    
2 0108154   000356634   第二样本阅览室/ [索取号:K28/11] 在馆    
3 0108156   000356572   第二借阅区/ [索取号:K28/11] 在馆    
4 0154241   001661801   密集书库/ [索取号:K28/11] 在馆    
5 0154242   001658110   密集书库/ [索取号:K28/11] 在馆    
6 0241420   001661641   密集书库/ [索取号:K28/11] 在馆    
唐山师范学院图书馆 欢迎您!
大连网信软件有限公司© 版权所有